Student solutions manual to accompany advanced engineering mathematics/ (Record no. 11871)
[ view plain ]
| 000 -LEADER | |
|---|---|
| fixed length control field | 00772nam a22002057a 4500 |
| 008 - FIXED-LENGTH DATA ELEMENTS--GENERAL INFORMATION | |
| fixed length control field | 190111b ||||| |||| 00| 0 eng d |
| 020 ## - INTERNATIONAL STANDARD BOOK NUMBER | |
| International Standard Book Number | 978-1-284-10631-2 |
| 082 ## - DEWEY DECIMAL CLASSIFICATION NUMBER | |
| Edition number | 2018 |
| Classification number | DC 624.076 |
| Item number | W930 |
| 100 ## - MAIN ENTRY--PERSONAL NAME | |
| Personal name | Wright, Warren S. |
| 9 (RLIN) | 33769 |
| 245 ## - TITLE STATEMENT | |
| Title | Student solutions manual to accompany advanced engineering mathematics/ |
| Statement of responsibility, etc. | Warren S. Wright, Roberto Martinez & Dennis G. Zill |
| 250 ## - EDITION STATEMENT | |
| Edition statement | 6th edition |
| 260 ## - PUBLICATION, DISTRIBUTION, ETC. (IMPRINT) | |
| Place of publication, distribution, etc. | Burlington: |
| Name of publisher, distributor, etc. | Jones & Bartleet Learning , |
| Date of publication, distribution, etc. | ©2018 |
| 300 ## - PHYSICAL DESCRIPTION | |
| Extent | vii, 455 pages : |
| Other physical details | illustrations ; |
| Dimensions | 28 cm |
| 650 ## - SUBJECT ADDED ENTRY--TOPICAL TERM | |
| Topical term or geographic name as entry element | Engineering mathematics |
| General subdivision | Problems, exercises, etc. |
| 9 (RLIN) | 33770 |
| 650 ## - SUBJECT ADDED ENTRY--TOPICAL TERM | |
| Topical term or geographic name as entry element | Engineering mathematics. |
| 9 (RLIN) | 33771 |
| 700 ## - ADDED ENTRY--PERSONAL NAME | |
| Personal name | Martinez, Roberto |
| 9 (RLIN) | 33772 |
| 700 ## - ADDED ENTRY--PERSONAL NAME | |
| Personal name | Zill, Dennis G. |
| 9 (RLIN) | 31205 |
| 365 ## - TRADE PRICE | |
| Price amount | 5,295.00 |
| Currency code | Php. |
| 942 ## - ADDED ENTRY ELEMENTS (KOHA) | |
| Source of classification or shelving scheme | Dewey Decimal Classification |
| Koha item type | Circulation |
| Withdrawn status | Lost status | Source of classification or shelving scheme | Damaged status | Not for loan | Collection code | Home library | Current library | Date acquired | Source of acquisition | Cost, normal purchase price | Total Checkouts | Full call number | Barcode | Date last seen | Copy number | Price effective from | Koha item type |
|---|---|---|---|---|---|---|---|---|---|---|---|---|---|---|---|---|---|
| Dewey Decimal Classification | Circulation | UM Digos College - LIC | UM Digos College - LIC | 08/08/2018 | Purchased | 5295.00 | DC 624.076 W930 2018 | 25348 | 05/15/2025 | 1 | 01/11/2019 | Circulation |
